000 00746nam a2200229Ia 4500
003 GCL
008 140319s9999 xx 000 0 ara d
040 _aGCL /
_cGCL
082 0 4 _a792.028
_bب ا
100 1 _aاحمد العشرى
245 1 0 _aالبطل فى مسرح الستينات بين النظرية و التطبيق /
_cاحمد العشرى
260 _a[S.N] :
_bالهيئة المصرية العامة للكتاب ،
_c1992
300 _a195 ص
490 _a
650 0 4 _aمصر
650 0 4 _aالتمثيل
650 0 4 _aالتمثيل فى المسرح
650 0 4 _aالممثلون والممثلات
650 0 4 _aالمسرح العربى
650 0 4 _aالمسرحيات العربية
942 _2ddc
_cBK
999 _c28052
_d28052